<?xml version="1.0" encoding="UTF-8"?>
<record
    xmlns:xsi="http://www.w3.org/2001/XMLSchema-instance"
    xsi:schemaLocation="http://www.loc.gov/MARC21/slim http://www.loc.gov/standards/marcxml/schema/MARC21slim.xsd"
    xmlns="http://www.loc.gov/MARC21/slim">

  <leader>01093nam a2200229 a 4500</leader>
  <controlfield tag="001">000005430</controlfield>
  <controlfield tag="005">20200929151657.0</controlfield>
  <controlfield tag="008">090819s1989    sp a          000 0 cat d</controlfield>
  <datafield tag="020" ind1=" " ind2=" ">
    <subfield code="a">8472831329</subfield>
  </datafield>
  <datafield tag="040" ind1=" " ind2=" ">
    <subfield code="a">DO-SdBNP</subfield>
    <subfield code="b">spa</subfield>
    <subfield code="c">BNPHU</subfield>
  </datafield>
  <datafield tag="082" ind1=" " ind2=" ">
    <subfield code="a">547</subfield>
    <subfield code="b">N799q</subfield>
  </datafield>
  <datafield tag="240" ind1=" " ind2="0">
    <subfield code="a">Rules of nomenclature organic of IUPAC [A,B,C] of 1979</subfield>
    <subfield code="l">catal&#xE1;n</subfield>
  </datafield>
  <datafield tag="245" ind1="0" ind2="0">
    <subfield code="a">Nomenclatura de qu&#xED;mica org&#xE1;nica :</subfield>
    <subfield code="b">Seccions A, B i C. Regles definitives de 1979. Uni&#xF3; Internacional de Qu&#xED;mica Pura i Aplicada /</subfield>
    <subfield code="c">versi&#xF3;n catalana Consol Blanch i Colat ... [et al.] ; edici&#xF3;n D&#xB4;Angel Messeguer i Peypoch, Miquel A. Peric&#xE1;s i Brondo.</subfield>
  </datafield>
  <datafield tag="246" ind1="1" ind2="0">
    <subfield code="a">Uni&#xF3; Internacional de Qu&#xED;mica Pura I Aplicada</subfield>
  </datafield>
  <datafield tag="260" ind1=" " ind2=" ">
    <subfield code="a">Barcelona :</subfield>
    <subfield code="b">Consell Superior D&#xB4;Investigacions Cient&#xED;fiques ;</subfield>
    <subfield code="b">Institut D'estudis Catalans,</subfield>
    <subfield code="c">1989.</subfield>
  </datafield>
  <datafield tag="300" ind1=" " ind2=" ">
    <subfield code="a">xxv, 339 p. :</subfield>
    <subfield code="b">il. ;</subfield>
    <subfield code="c">25 cm.</subfield>
  </datafield>
  <datafield tag="650" ind1=" " ind2="4">
    <subfield code="a">Qu&#xED;mica org&#xE1;nica</subfield>
    <subfield code="9">15418</subfield>
  </datafield>
  <datafield tag="700" ind1="1" ind2="2">
    <subfield code="a">Messeguer i Peypoch, D' Angel,</subfield>
    <subfield code="e">ed.</subfield>
    <subfield code="9">15419</subfield>
  </datafield>
  <datafield tag="700" ind1="1" ind2="2">
    <subfield code="a">Peric&#xE1;s i Brondo, Miquel A.,</subfield>
    <subfield code="e">ed.</subfield>
    <subfield code="9">15420</subfield>
  </datafield>
  <datafield tag="700" ind1="1" ind2="2">
    <subfield code="a">Blanch i Colat, Consol,</subfield>
    <subfield code="e">tr.</subfield>
    <subfield code="9">15421</subfield>
  </datafield>
  <datafield tag="910" ind1=" " ind2=" ">
    <subfield code="a">Validado. Control de calidad BNPHU.</subfield>
  </datafield>
  <datafield tag="952" ind1=" " ind2=" ">
    <subfield code="0">0</subfield>
    <subfield code="1">0</subfield>
    <subfield code="5">4</subfield>
    <subfield code="7">0</subfield>
    <subfield code="8">MO</subfield>
    <subfield code="a">GR</subfield>
    <subfield code="b">GR</subfield>
    <subfield code="c">HD</subfield>
    <subfield code="d">2009-08-19</subfield>
    <subfield code="i">LF1</subfield>
    <subfield code="l">0</subfield>
    <subfield code="o">547 N799q</subfield>
    <subfield code="p">5430-10</subfield>
    <subfield code="r">2020-06-25</subfield>
    <subfield code="w">2020-06-25</subfield>
    <subfield code="y">4</subfield>
    <subfield code="Z">Pr&#xE9;stamo en sala</subfield>
  </datafield>
  <datafield tag="999" ind1=" " ind2=" ">
    <subfield code="c">5230</subfield>
    <subfield code="d">5230</subfield>
  </datafield>
</record>
